ARRUPE JESUIT UNIVERSITY

CORONAVIRUS -STOP THE SPREAD - CLEAN,DISINFECT,COVER

Foxfire 6 : (Record no. 126761)

MARC details
000 -LEADER
fixed length control field 01615cam a2200385 i 4500
001 - CONTROL NUMBER
control field 2280206
003 - CONTROL NUMBER IDENTIFIER
control field ARRUPE
005 - DATE AND TIME OF LATEST TRANSACTION
control field 20170825114934.0
008 - FIXED-LENGTH DATA ELEMENTS--GENERAL INFORMATION
fixed length control field 800327s1980 nyua 001 0 eng
010 ## - LIBRARY OF CONGRESS CONTROL NUMBER
LC control number 79006541
020 ## - INTERNATIONAL STANDARD BOOK NUMBER
International Standard Book Number 038515271X :
Terms of availability $14.95
020 ## - INTERNATIONAL STANDARD BOOK NUMBER
International Standard Book Number 0385152728 (pbk.) :
Terms of availability $6.95
040 ## - CATALOGING SOURCE
Original cataloging agency DLC
Transcribing agency DLC
Modifying agency DLC
043 ## - GEOGRAPHIC AREA CODE
Geographic area code n-us-ga
-- n-usu--
050 00 - LIBRARY OF CONGRESS CALL NUMBER
Classification number F291.2
Item number .F624
082 00 - DEWEY DECIMAL CLASSIFICATION NUMBER
Classification number 975
300 ## - PHYSICAL DESCRIPTION
Other physical details ill. ;
Dimensions 25 cm.
245 00 - TITLE STATEMENT
Title Foxfire 6 :
Remainder of title shoemaking, gourd banjos, and songbows, one hundred toys and games, wooden locks, a water powered sawmill, and other affairs of just plain living /
Statement of responsibility, etc edited, with an introd. by Eliot Wigginton.
250 ## - EDITION STATEMENT
Edition statement 1st ed.
260 ## - PUBLICATION, DISTRIBUTION, ETC. (IMPRINT)
Place of publication, distribution, etc Garden City, N.Y. :
Name of publisher, distributor, etc Anchor Press/Doubleday,
Date of publication, distribution, etc 1980.
300 ## - PHYSICAL DESCRIPTION
Extent 507 p. :
500 ## - GENERAL NOTE
General note Includes "Cumulative index for Foxfire 4, Foxfire 5 and Foxfire 6."
650 #0 - SUBJECT ADDED ENTRY--TOPICAL TERM
Topical term or geographic name as entry element Country life
Geographic subdivision Georgia.
-- Rabun Gap
9 (RLIN) 35183
650 #0 - SUBJECT ADDED ENTRY--TOPICAL TERM
Topical term or geographic name as entry element Handicraft
Geographic subdivision Georgia.
9 (RLIN) 35191
650 #0 - SUBJECT ADDED ENTRY--TOPICAL TERM
Topical term or geographic name as entry element Country life
Geographic subdivision Appalachian Region, Southern.
-- Rabun Gap
9 (RLIN) 35192
651 #0 - SUBJECT ADDED ENTRY--GEOGRAPHIC NAME
Geographic name Rabun Gap, Gap (USA)
9 (RLIN) 35193
700 1# - ADDED ENTRY--PERSONAL NAME
Personal name Wigginton, Eliot.
9 (RLIN) 35189
730 ## - ADDED ENTRY--UNIFORM TITLE
Uniform title Foxfire.
9 (RLIN) 35187
906 ## - LOCAL DATA ELEMENT F, LDF (RLIN)
a 7
b cbc
c orignew
d 1
e ocip
f 19
g y-gencatlg
942 ## - ADDED ENTRY ELEMENTS (KOHA)
Source of classification or shelving scheme Library of Congress Classification
Koha item type Monograph ( Printed materials)
Holdings
Withdrawn status Lost status Source of classification or shelving scheme Damaged status Not for loan Collection code Home library Current library Shelving location Date acquired Total Checkouts Full call number Barcode Date last seen Price effective from Koha item type
    Library of Congress Classification     Main Collection ARRUPE LIBRARY ARRUPE LIBRARY Main Collection 24/08/2017   S521.5.G4 F64 46500023419 10/09/2019 24/08/2017 Monograph ( Printed materials)

 

Arrupe Library. PO Box MP320 Mt Pleasant, Harare, Zimbabwe
263 242 745411|librarian@aju.ac.zw